| 000 | 01553cam a22003854i 4500 | ||
|---|---|---|---|
| 003 | PE-LiUPU | ||
| 005 | 20250731183355.0 | ||
| 008 | 160928s r 000 0 spa d | ||
| 020 | _a9788415042563 | ||
| 035 | _a(Sirsi) a163826 | ||
| 040 |
_aBNM _bspa _erdc _cBNM _dESEHU _dPE-LiUPU _erda |
||
| 041 | 1 |
_aspa _abaq _aeng _afre _hspa |
|
| 049 | _aPRUA | ||
| 082 | 0 | 4 |
_a779 _bB53 _221 |
| 100 | 1 |
_aBielsa, José Manuel _d1955-, _eautor. |
|
| 245 |
_aDonostia-San Sebastián : _bArkitekturak = arquitecturas = architectures / _cArgazkiak = fotografías = photographies = photographs, José Manuel Bielsa ; testua = texto = texte = text, Ana Azpiri Albístegui. |
||
| 264 |
_aDonostia-San Sebastián : _bNerea, _c2013. |
||
| 300 |
_a265 páginas : _bilustraciones ; _c29 centímetros. |
||
| 336 |
_text _2rdacontent |
||
| 337 |
_unmediated _2rdamedia |
||
| 338 |
_volume _2rdacarrier |
||
| 505 | 0 | _aPrersentación -- Una arquitectura con historia -- Arquitecturas -- Galería de imágenes. | |
| 526 | _aP158 | ||
| 526 | _aP146 | ||
| 526 | _aP17 | ||
| 526 | _aP12 | ||
| 526 | _aP06 | ||
| 541 | _g0020-0001186; | ||
| 650 | 0 | 4 | _aFotografía de arquitectura. |
| 650 | 0 | 4 |
_aArquitectura _zGipuzkoa. |
| 700 | 1 |
_aAzpiri Albístegui, Ana, _eautor. |
|
| 596 | _a1 | ||
| 942 |
_2ddc _cBOOK |
||
| 999 |
_a779 B53 _wDEWEY _c12685 _i74840 _f2021-11-10 _g7 _lCCODEBUL1 _mBUL _p60.47 _r0 _sY _tBOOK _u2016-9-28 _xINGENIERIA _PP06 _0COMPRA _o.STAFF. Colección FIA _d12685 |
||
| 980 |
_81 _gALBERTO SANCHEZ Responsable de Automatización |
||